Snow White and the Seven Dawarfs

Bibliographic Details
Format: Book
Published: Loughborough : Ladybird Books , 1991
Series:Disney
Subjects:

MARC

LEADER 00000cam a2200000 7i4500
001 0000003381
002 000003648
005 .0
020 |a 0721440169 
090 0 0 |a JF   |b SNO 
245 0 0 |a Snow White and the Seven Dawarfs 
260 |a Loughborough :   |b Ladybird Books ,   |c 1991 
300 |a 47 p. ;   |c 19 cm. 
490 0 |a Disney 
650 0 0 |a Children's stories 
999 |a 031636   |b BUKU   |c PINJAMAN   |e PERPUSTAKAAN KOMUNITI PETALING JAYA 
999 |a 055816   |b BUKU   |c PINJAMAN   |e PERPUSTAKAAN KOMUNITI CAW KOTA DAMANSARA